000
00290nam a22001217a 4500
008
230823b |||||||| |||| 00| 0 eng d
020
_a
9781423455301
082
_a
801.1
245
_a
Essential songs for Flute.
260
_b
Hal Leonard.
300
_a
144 p:
_b
illus;
_c
30 com
942
_2
ddc
999
_c
9687
_d
9688